Osobní prodej a relevance faktorů při osobní interakci mezi zákazníkem a obchodním zástupcem

Ekonomický úspech nezávisí len na inovatívnej produkcii, ale aj na predajných a marketingových aktivitách. Osobný predaj a jeho výhody. Článok vznikol na základe výskumu, ktorý sa uskutočnil v ČR, USA a Švajčiarsku na viac ako 1200 respondentoch.

Gespeichert in:
Bibliographische Detailangaben
1. Verfasser: Říha, David
Weitere Verfasser: Stros, Michael, Heinze, Timothy
Format: Buchkapitel
Sprache:Tschechisch
Schlagworte:
Tags: Tag hinzufügen
Keine Tags, Fügen Sie das erste Tag hinzu!

MARC

LEADER 00000naa a2200000 4500
001 0199713
005 20231115070849.0
041 0 |a cze 
044 |a CZ 
245 1 0 |a Osobní prodej a relevance faktorů při osobní interakci mezi zákazníkem a obchodním zástupcem  |c David Říha, Michael Stros, Timothy Heinze 
520 |a Ekonomický úspech nezávisí len na inovatívnej produkcii, ale aj na predajných a marketingových aktivitách. Osobný predaj a jeho výhody. Článok vznikol na základe výskumu, ktorý sa uskutočnil v ČR, USA a Švajčiarsku na viac ako 1200 respondentoch. 
610 2 0 |a predaj 
610 2 0 |a predaj priamy 
610 2 0 |a stratégia marketingová 
610 2 0 |a stratégia obchodná 
100 1 |a Říha, David 
700 1 |a Stros, Michael 
700 1 |a Heinze, Timothy